000 00628nam a2200229Ia 4500
003 BUBTL
008 151213s9999 xx 000 0 und d
020 _a0538822864
082 _a382/ R678i/ 1993
100 _aRoot, Franklin R.
_93387
245 _aInternational Trade and Investment :
_cFranklin R. Root
250 _a7th
260 _aOhio
_bSouth Western
_cc1993
300 _a[viii], 680p . :
_bill. ; 23cm.
500 _aIncludes Index
650 _aFinance
_93388
650 _aFinance
_93388
700 _aF. R. Root
_93389
856 _k0
_l0
_yDownload
942 _2ddc
_cBK
999 _c1811
_d1811